Statistics for U.S. State... or Country? #1

Click here to take the quiz!

General Stats

  • This quiz has been taken 68 times
  • The average score is 29 of 32

Answer Stats

QuestionTileSelect% Correct
the U.S. statesAustraliaNo
100%
the U.S. statesAustriaNo
100%
the U.S. statesChinaNo
100%
the U.S. statesIndonesiaNo
100%
the U.S. statesNorth KoreaNo
100%
the U.S. statesTexasYes
100%
the U.S. statesAlabamaYes
98%
the U.S. statesCanadaNo
98%
the U.S. statesMexicoNo
98%
the U.S. statesMichiganYes
98%
the U.S. statesNew MexicoYes
98%
the U.S. statesRussiaNo
98%
the U.S. statesSouth KoreaNo
98%
the U.S. statesFloridaYes
97%
the U.S. statesNorth CarolinaYes
97%
the U.S. statesSouth CarolinaYes
97%
the countriesCanadaYes
86%
the countriesMaineNo
86%
the countriesMinnesotaNo
86%
the countriesMississippiNo
86%
the countriesMontanaNo
86%
the countriesSouth DakotaNo
86%
the countriesWashingtonNo
86%
the countriesBosnia and HerzegovinaYes
84%
the countriesChadYes
84%
the countriesMonacoYes
84%
the countriesMongoliaYes
84%
the countriesNew ZealandYes
84%
the countriesOregonNo
84%
the countriesPanamaYes
84%
the countriesSouth AfricaYes
84%
the countriesTurkeyYes
84%

Score Distribution

Percentile by Number Answered

Percent of People with Each Score

Your Score History

You have not taken this quiz